01165nam a2200253 u 450000100100000000500170001000800410002702000150006804000250008308200080010824501670011626000720028330000350035549000220039050400740041250400320048670000400051870000400055870000490059883000310064795201080067895201080078699900170089400004179620201002035747.0101130s2002 sp ac 001 0 spa d a8400080270 aDO-SdBNPbspacBNPHU aXXX00aNecesidad de un marco jurídico para el desarrollo rural en España /ceditores José Sancho Comíns, Javier Martínez Vega, María Asunción Martín Lou. aMadrid :bEscuela de Estudios Hispano-Americanos de Sevilla,c2002. a540 p. :bil., mapas ;c22 cm.1 aMonografíasv24 aIncluye referencias bibliográficas y notas al pie de las páginas. aBibliografía : p. 105-1121 aSancho Comíns, Joséeed.9686631 aMartínez Vega, Javiereed.9149541 aAsunción Martín Lou, Maríaeed.968595 0aMonografías ;v24915334 001050718MOaGRbGRcCTd2013-10-17iLF1l0oXXX p41796-10r2020-06-25w2020-06-25y1ZNo se presta 001050718MOaGRbGRcCTd2013-10-17iLF1l0oXXX p41796-20r2020-06-25w2020-06-25y1ZNo se presta c41285d41285